[Event "OeISM Blitz U10 B"]
[Site "austriaU10b"]
[Date "2020.12.11"]
[Round "3"]
[White "NIKO2011"]
[Black "Alain 007"]
[Result "1-0"]
[WhiteElo "1809"]
[BlackElo "1438"]
[Annotator "NA RC"]
[PlyCount "89"]
[EventDate "2020.12.11"]
[EventType "blitz"]

1. e4 {[%emt 0:00:07]} d5 {[%emt 0:00:04]} 2. exd5 {[%emt 0:00:02]} Qxd5 {[%emt 0:00:04]} 3. Nc3 {[%emt 0:00:01]} Qa5 {[%emt 0:00:05]} 4. d4 {[%emt 0:00:02]} c6 {[%emt 0:00:05]} 5. Bd2 {[%emt 0:00:02]} Qc7 {[%emt 0:00:13]} 6. Nf3 {[%emt 0:00:03]} Bg4 {[%emt 0:00:05]} 7. h3 {[%emt 0:00:03]} Bxf3 {[%emt 0:00:09]} 8. Qxf3 {[%emt 0:00:03]} Nf6 {[%emt 0:00:05]} 9. Bc4 {[%emt 0:00:08]} e6 {[%emt 0:00:10]} 10. O-O {[%emt 0:00:03]} Bd6 {[%emt 0:00:09]} 11. Bg5 {[%emt 0:00:07]} Be7 {[%emt 0:00:10]} 12. Rfe1 {[%emt 0:00:11]} Nbd7 {[%emt 0:00:03]} 13. Bh4 {[%emt 0:00:14]} Nb6 {[%emt 0:00:06]} 14. Bb3 {[%emt 0:00:03]} O-O {[%emt 0:00:05]} 15. Bg3 {[%emt 0:00:05]} Bd6 {[%emt 0:00:12]} 16. Bh4 {[%emt 0:00:04]} Be7 {[%emt 0:00:04]} 17. Ne4 {[%emt 0:00:02]} Nxe4 {[%emt 0:00:12]} 18. Rxe4 {[%emt 0:00:02]} Bd6 {[%emt 0:00:18]} 19. Rg4 {[%emt 0:00:22]} Bh2+ {[%emt 0:00:06]} 20. Kh1 {[%emt 0:00:01]} Bd6 {[%emt 0:00:11]} 21. Bf6 {[%emt 0:00:07]} g6 {[%emt 0:00:06]} 22. Qe3 {[%emt 0:00:03]} Rfe8 {[%emt 0:00:09]} 23. Qh6 {[%emt 0:00:02]} Bf8 {[%emt 0:00:03]} 24. Qg5 {[%emt 0:00:12]} Be7 {[%emt 0:00:06]} 25. Rh4 {[%emt 0:00:29]} Bxf6 {[%emt 0:00:03]} 26. Qxf6 {[%emt 0:00:00]} h5 {[%emt 0:00:03]} 27. Rf4 {[%emt 0:00:06]} Rf8 {[%emt 0:00:06]} 28. Rf3 {[%emt 0:00:03]} Nd7 {[%emt 0:00:05]} 29. Qh4 {[%emt 0:00:05]} Nb6 {[%emt 0:00:04]} 30. Rg3 {[%emt 0:00:03]} Rad8 {[%emt 0:00:07]} 31. c3 {[%emt 0:00:15]} Rde8 {[%emt 0:00:03]} 32. Qxh5 {[%emt 0:00:02]} Qe7 {[%emt 0:00:05]} 33. Qg4 {[%emt 0:00:11]} Qf6 {[%emt 0:00:02]} 34. Rf3 {[%emt 0:00:03]} Qg7 {[%emt 0:00:01]} 35. Bc2 {[%emt 0:00:04]} Nd5 {[%emt 0:00:03]} 36. Re1 {[%emt 0:00:13]} Nf6 {[%emt 0:00:01]} 37. Qf4 {[%emt 0:00:03]} Nh5 {[%emt 0:00:03]} 38. Qd2 {[%emt 0:00:06]} Qh7 {[%emt 0:00:04]} 39. Kh2 {[%emt 0:00:02]} Qg7 {[%emt 0:00:07]} 40. Rg3 {[%emt 0:00:02]} f6 {[%emt 0:00:01]} 41. Rxg6 {[%emt 0:00:03]} Qxg6 {[%emt 0:00:05]} 42. Bxg6 {[%emt 0:00:00]} Rd8 {[%emt 0:00:02]} 43. Bxh5 {[%emt 0:00:02]} Rd5 {[%emt 0:00:03]} 44. Qh6 {[%emt 0:00:02]} Rf7 {[%emt 0:00:04]} 45. Bxf7+ {[%emt 0:00:02] Alain 007 resigns} 1-0

[Event "OeISM Blitz U10 B"]
[Site "austriaU10b"]
[Date "2020.12.11"]
[Round "3"]
[White "EdiRaber"]
[Black "Philip2010"]
[Result "0-1"]
[WhiteElo "1686"]
[BlackElo "1811"]
[Annotator "NA RC"]
[PlyCount "116"]
[EventDate "2020.12.11"]
[EventType "blitz"]

1. e4 {[%emt 0:00:02]} d6 {[%emt 0:00:03]} 2. d4 {[%emt 0:00:03]} Nf6 {[%emt 0:00:01]} 3. Bd3 {[%emt 0:00:07]} e5 {[%emt 0:00:04]} 4. d5 {[%emt 0:00:02]} Be7 {[%emt 0:00:02]} 5. c4 {[%emt 0:00:02]} Nbd7 {[%emt 0:00:04]} 6. Nc3 {[%emt 0:00:01]} c6 {[%emt 0:00:05]} 7. Nf3 {[%emt 0:00:02]} Qc7 {[%emt 0:00:04]} 8. O-O {[%emt 0:00:03]} O-O {[%emt 0:00:03]} 9. Be3 {[%emt 0:00:02]} Ng4 {[%emt 0:00:04]} 10. h3 {[%emt 0:00:03]} Nxe3 {[%emt 0:00:03]} 11. fxe3 {[%emt 0:00:01]} Nf6 {[%emt 0:00:27]} 12. b3 {[%emt 0:00:06]} Bd7 {[%emt 0:00:16]} 13. Qe2 {[%emt 0:00:07]} Rad8 {[%emt 0:00:09]} 14. Rac1 {[%emt 0:00:04]} Rfe8 {[%emt 0:00:12]} 15. Rf2 {[%emt 0:00:18]} Rf8 {[%emt 0:00:35]} 16. Qd2 {[%emt 0:00:19]} a6 {[%emt 0:00:12]} 17. b4 {[%emt 0:00:05]} c5 {[%emt 0:00:04]} 18. bxc5 {[%emt 0:00:04]} Qxc5 {[%emt 0:00:03]} 19. a4 {[%emt 0:00:14]} Rc8 {[%emt 0:00:06]} 20. Rb1 {[%emt 0:00:04]} Rc7 {[%emt 0:00:09]} 21. Rff1 {[%emt 0:00:26]} Rfc8 {[%emt 0:00:05]} 22. Kh1 {[%emt 0:00:03]} Qa7 {[%emt 0:00:03]} 23. Ng5 {[%emt 0:00:30]} h6 {[%emt 0:00:04]} 24. Nf3 {[%emt 0:00:03]} Nh5 {[%emt 0:00:03]} 25. Kh2 {[%emt 0:00:10]} Rb8 {[%emt 0:00:06]} 26. a5 {[%emt 0:00:09]} Qc5 {[%emt 0:00:06]} 27. Na2 {[%emt 0:00:02]} Qa7 {[%emt 0:00:09]} 28. Rfc1 {[%emt 0:00:10]} Rc5 {[%emt 0:00:02]} 29. Qb4 {[%emt 0:00:04]} Rc7 {[%emt 0:00:09]} 30. Qd2 {[%emt 0:00:06]} Nf6 {[%emt 0:00:03]} 31. Rb6 {[%emt 0:00:03]} Ne8 {[%emt 0:00:03]} 32. Rcb1 {[%emt 0:00:04]} Bd8 {[%emt 0:00:03]} 33. Rf1 {[%emt 0:00:08]} Rc5 {[%emt 0:00:02]} 34. Rbb1 {[%emt 0:00:03]} Bxa5 {[%emt 0:00:02]} 35. Qf2 {[%emt 0:00:02]} Bd8 {[%emt 0:00:01]} 36. Nxe5 {[%emt 0:00:04]} dxe5 {[%emt 0:00:08]} 37. Qxf7+ {[%emt 0:00:02]} Kh7 {[%emt 0:00:05]} 38. Qxd7 {[%emt 0:00:06]} Nf6 {[%emt 0:00:04]} 39. Qf5+ {[%emt 0:00:04]} Kg8 {[%emt 0:00:01]} 40. Qxe5 {[%emt 0:00:04]} Bc7 {[%emt 0:00:04]} 41. Qxc7 {[%emt 0:00:03]} Rxc7 {[%emt 0:00:01]} 42. d6 {[%emt 0:00:00]} Rd7 {[%emt 0:00:01]} 43. e5 {[%emt 0:00:01]} Ne8 {[%emt 0:00:01]} 44. c5 {[%emt 0:00:03]} b6 {[%emt 0:00:02]} 45. cxb6 {[%emt 0:00:03]} Rxb6 {[%emt 0:00:01]} 46. Rxb6 {[%emt 0:00:02]} Qxb6 {[%emt 0:00:01]} 47. Bc4+ {[%emt 0:00:00]} Kh7 {[%emt 0:00:01]} 48. Rf8 {[%emt 0:00:01]} Rd8 {[%emt 0:00:03]} 49. e6 {[%emt 0:00:01]} Qxd6+ {[%emt 0:00:04]} 50. Rf4 {[%emt 0:00:03]} g5 {[%emt 0:00:01]} 51. g3 {[%emt 0:00:03]} gxf4 {[%emt 0:00:02]} 52. exf4 {[%emt 0:00:00]} Qd2+ {[%emt 0:00:01]} 53. Kg1 {[%emt 0:00:01]} Rd4 {[%emt 0:00:02]} 54. Bxa6 {[%emt 0:00:02]} Qxa2 {[%emt 0:00:02]} 55. Bf1 {[%emt 0:00:01]} Rd1 {[%emt 0:00:02]} 56. f5 {[%emt 0:00:02]} Qa6 {[%emt 0:00:03]} 57. Kh2 {[%emt 0:00:03]} Qxf1 {[%emt 0:00:01]} 58. f6 {[%emt 0:00:02]} Qf2# {[%emt 0:00:01] Mate Mate} 0-1

[Event "OeISM Blitz U10 B"]
[Site "austriaU10b"]
[Date "2020.12.11"]
[Round "3"]
[White "Chesstornado2011"]
[Black "Derenick2010"]
[Result "0-1"]
[WhiteElo "1620"]
[BlackElo "1620"]
[Annotator "NA RC"]
[PlyCount "82"]
[EventDate "2020.12.11"]
[EventType "blitz"]

1. e4 {[%emt 0:00:08]} e5 {[%emt 0:00:02]} 2. Nf3 {[%emt 0:00:02]} Nc6 {[%emt 0:00:03]} 3. Bc4 {[%emt 0:00:02]} Bc5 {[%emt 0:00:04]} 4. Nc3 {[%emt 0:00:02]} Nf6 {[%emt 0:00:05]} 5. d3 {[%emt 0:00:08]} d6 {[%emt 0:00:02]} 6. Bg5 {[%emt 0:00:08]} h6 {[%emt 0:00:01]} 7. Bh4 {[%emt 0:00:02]} g5 {[%emt 0:00:04]} 8. Bg3 {[%emt 0:00:01]} Bg4 {[%emt 0:00:07]} 9. h3 {[%emt 0:00:04]} Bh5 {[%emt 0:00:02]} 10. Bh2 {[%emt 0:00:06]} g4 {[%emt 0:00:03]} 11. hxg4 {[%emt 0:00:03]} Bxg4 {[%emt 0:00:01]} 12. Bg3 {[%emt 0:00:04]} Nd4 {[%emt 0:00:09]} 13. Bb5+ {[%emt 0:00:16]} c6 {[%emt 0:00:06]} 14. Bc4 {[%emt 0:00:03]} d5 {[%emt 0:00:15]} 15. exd5 {[%emt 0:00:05]} cxd5 {[%emt 0:00:03]} 16. Bb5+ {[%emt 0:00:05]} Nd7 {[%emt 0:00:05]} 17. Bxd7+ {[%emt 0:00:10]} Qxd7 {[%emt 0:00:07]} 18. Rh4 {[%emt 0:00:34]} h5 {[%emt 0:00:10]} 19. Rh2 {[%emt 0:00:21]} Qf5 {[%emt 0:00:08]} 20. Nxd5 {[%emt 0:00:12]} Bxf3 {[%emt 0:00:05]} 21. gxf3 {[%emt 0:00:05]} Nxf3+ {[%emt 0:00:02]} 22. Ke2 {[%emt 0:00:03]} Nxh2 {[%emt 0:00:04]} 23. Nc7+ {[%emt 0:00:06]} Kd7 {[%emt 0:00:05]} 24. Nxa8 {[%emt 0:00:02]} Qf3+ {[%emt 0:00:03]} 25. Kd2 {[%emt 0:00:04]} Bxf2 {[%emt 0:00:15]} 26. Qxf3 {[%emt 0:00:15]} Nxf3+ {[%emt 0:00:08]} 27. Ke2 {[%emt 0:00:03]} Bxg3 {[%emt 0:00:04]} 28. Kxf3 {[%emt 0:00:02]} h4 {[%emt 0:00:04]} 29. Nb6+ {[%emt 0:00:04]} axb6 {[%emt 0:00:02]} 30. Rh1 {[%emt 0:00:05]} f5 {[%emt 0:00:08]} 31. c3 {[%emt 0:00:04]} Re8 {[%emt 0:00:04]} 32. Rf1 {[%emt 0:00:19]} e4+ {[%emt 0:00:07]} 33. dxe4 {[%emt 0:00:04]} fxe4+ {[%emt 0:00:02]} 34. Ke3 {[%emt 0:00:01]} h3 {[%emt 0:00:11]} 35. Rd1+ {[%emt 0:00:01]} Kc6 {[%emt 0:00:04]} 36. Rg1 {[%emt 0:00:07]} h2 {[%emt 0:00:03]} 37. Rh1 {[%emt 0:00:02]} Kd5 {[%emt 0:00:09]} 38. b3 {[%emt 0:00:04]} Ke5 {[%emt 0:00:03]} 39. c4 {[%emt 0:00:05]} b5 {[%emt 0:00:03]} 40. cxb5 {[%emt 0:00:03]} Rf8 {[%emt 0:00:07]} 41. a4 {[%emt 0:00:05]} Rf3+ {[%emt 0:00:02] TimeW} 0-1

[Event "OeISM Blitz U10 B"]
[Site "austriaU10b"]
[Date "2020.12.11"]
[Round "3"]
[White "Kaljikovic"]
[Black "Super-Patzer"]
[Result "0-1"]
[WhiteElo "1620"]
[BlackElo "1535"]
[Annotator "NA RC"]
[PlyCount "20"]
[EventDate "2020.12.11"]
[EventType "blitz"]

1. e4 {[%emt 0:00:04]} c6 {[%emt 0:00:02]} 2. Bc4 {[%emt 0:00:03]} d5 {[%emt 0:00:07]} 3. Bb3 {[%emt 0:00:08]} e5 {[%emt 0:00:08]} 4. Nf3 {[%emt 0:00:05]} dxe4 {[%emt 0:00:21]} 5. Nxe5 {[%emt 0:00:05]} Be6 {[%emt 0:00:08]} 6. d3 {[%emt 0:00:04]} exd3 {[%emt 0:00:05]} 7. Bd2 {[%emt 0:00:02]} dxc2 {[%emt 0:00:04]} 8. Bxc2 {[%emt 0:00:10]} Bc5 {[%emt 0:00:14]} 9. Bb3 {[%emt 0:00:05]} Qd4 {[%emt 0:00:18]} 10. Bxe6 {[%emt 0:00:04]} Qxf2# {[%emt 0:00:03] Mate Mate} 0-1

[Event "OeISM Blitz U10 B"]
[Site "austriaU10b"]
[Date "2020.12.11"]
[Round "3"]
[White "nikolaus2709"]
[Black "Janoschluis"]
[Result "0-1"]
[WhiteElo "1620"]
[BlackElo "1585"]
[Annotator "NA RC"]
[PlyCount "142"]
[EventDate "2020.12.11"]
[EventType "blitz"]

1. e4 {[%emt 0:00:04]} e6 {[%emt 0:00:02]} 2. d4 {[%emt 0:00:04]} d5 {[%emt 0:00:03]} 3. Nc3 {[%emt 0:00:02]} dxe4 {[%emt 0:00:02]} 4. Nxe4 {[%emt 0:00:02]} Qd5 {[%emt 0:00:02]} 5. Bd3 {[%emt 0:00:15]} Nf6 {[%emt 0:00:04]} 6. Nc3 {[%emt 0:00:10]} Qa5 {[%emt 0:00:09]} 7. Nf3 {[%emt 0:00:07]} Bb4 {[%emt 0:00:06]} 8. Bd2 {[%emt 0:00:04]} Nc6 {[%emt 0:00:08]} 9. O-O {[%emt 0:00:04]} Bxc3 {[%emt 0:00:05]} 10. Bxc3 {[%emt 0:00:02]} Qh5 {[%emt 0:00:06]} 11. h3 {[%emt 0:00:04]} O-O {[%emt 0:00:10]} 12. Re1 {[%emt 0:00:03]} Re8 {[%emt 0:00:02]} 13. Qd2 {[%emt 0:00:02]} b6 {[%emt 0:00:22]} 14. b3 {[%emt 0:00:03]} Bb7 {[%emt 0:00:04]} 15. Bb2 {[%emt 0:00:02]} Ne7 {[%emt 0:00:13]} 16. Rad1 {[%emt 0:00:10]} Bxf3 {[%emt 0:00:04]} 17. gxf3 {[%emt 0:00:06]} Qxf3 {[%emt 0:00:03]} 18. Re3 {[%emt 0:00:10]} Qh5 {[%emt 0:00:08]} 19. Bf1 {[%emt 0:00:08]} Nf5 {[%emt 0:00:03]} 20. Rd3 {[%emt 0:00:09]} Nh4 {[%emt 0:00:10]} 21. Bg2 {[%emt 0:00:16]} Nxg2 {[%emt 0:00:08]} 22. Kxg2 {[%emt 0:00:02]} Qg6+ {[%emt 0:00:04]} 23. Kh2 {[%emt 0:00:02]} Ne4 {[%emt 0:00:09]} 24. Qe3 {[%emt 0:00:06]} Rad8 {[%emt 0:00:11]} 25. Rg1 {[%emt 0:00:07]} Qf5 {[%emt 0:00:13]} 26. Qh6 {[%emt 0:00:20]} Qxf2+ {[%emt 0:00:17]} 27. Kh1 {[%emt 0:00:08]} Qf6 {[%emt 0:00:10]} 28. Qxf6 {[%emt 0:00:07]} Nxf6 {[%emt 0:00:02]} 29. d5 {[%emt 0:00:05]} e5 {[%emt 0:00:09]} 30. Rdg3 {[%emt 0:00:13]} g6 {[%emt 0:00:03]} 31. Re3 {[%emt 0:00:19]} Nxd5 {[%emt 0:00:05]} 32. Rxe5 {[%emt 0:00:03]} Rxe5 {[%emt 0:00:02]} 33. Bxe5 {[%emt 0:00:03]} Ne3 {[%emt 0:00:04]} 34. Bc3 {[%emt 0:00:19]} Nxc2 {[%emt 0:00:05]} 35. Rc1 {[%emt 0:00:01]} Ne3 {[%emt 0:00:04]} 36. Bb4 {[%emt 0:00:01]} Rd1+ {[%emt 0:00:04]} 37. Rxd1 {[%emt 0:00:01]} Nxd1 {[%emt 0:00:02]} 38. Be7 {[%emt 0:00:01]} c6 {[%emt 0:00:02]} 39. Bd8 {[%emt 0:00:01]} b5 {[%emt 0:00:02]} 40. Bc7 {[%emt 0:00:01]} a6 {[%emt 0:00:02]} 41. Bb6 {[%emt 0:00:01]} Kg7 {[%emt 0:00:02]} 42. Kg1 {[%emt 0:00:01]} Kf6 {[%emt 0:00:01]} 43. Kf1 {[%emt 0:00:01]} Ke5 {[%emt 0:00:02]} 44. Ke1 {[%emt 0:00:01]} Nc3 {[%emt 0:00:02]} 45. Kd2 {[%emt 0:00:03]} Nxa2 {[%emt 0:00:02]} 46. Kc2 {[%emt 0:00:03]} Nb4+ {[%emt 0:00:02]} 47. Kc3 {[%emt 0:00:02]} Nd5+ {[%emt 0:00:02]} 48. Kd3 {[%emt 0:00:02]} Nxb6 {[%emt 0:00:02]} 49. Ke3 {[%emt 0:00:02]} a5 {[%emt 0:00:01]} 50. Kd2 {[%emt 0:00:02]} a4 {[%emt 0:00:01]} 51. bxa4 {[%emt 0:00:01]} bxa4 {[%emt 0:00:02]} 52. Kc3 {[%emt 0:00:02]} Kd5 {[%emt 0:00:02]} 53. Kb4 {[%emt 0:00:02]} f5 {[%emt 0:00:02]} 54. h4 {[%emt 0:00:02]} f4 {[%emt 0:00:02]} 55. h5 {[%emt 0:00:01]} gxh5 {[%emt 0:00:03]} 56. Kc3 {[%emt 0:00:02]} f3 {[%emt 0:00:02]} 57. Kd2 {[%emt 0:00:01]} a3 {[%emt 0:00:03]} 58. Ke1 {[%emt 0:00:02]} a2 {[%emt 0:00:02]} 59. Kf2 {[%emt 0:00:02]} a1=Q {[%emt 0:00:02]} 60. Kg3 {[%emt 0:00:01]} c5 {[%emt 0:00:02]} 61. Kh4 {[%emt 0:00:01]} c4 {[%emt 0:00:01]} 62. Kg5 {[%emt 0:00:01]} c3 {[%emt 0:00:02]} 63. Kxh5 {[%emt 0:00:01]} c2 {[%emt 0:00:01]} 64. Kh6 {[%emt 0:00:02]} c1=R {[%emt 0:00:03]} 65. Kxh7 {[%emt 0:00:02]} Qa8 {[%emt 0:00:04]} 66. Kg6 {[%emt 0:00:02]} Rf1 {[%emt 0:00:02]} 67. Kg5 {[%emt 0:00:02]} Qg8+ {[%emt 0:00:02]} 68. Kf4 {[%emt 0:00:02]} Nc4 {[%emt 0:00:06]} 69. Kf5 {[%emt 0:00:02]} Qf7+ {[%emt 0:00:01]} 70. Kg5 {[%emt 0:00:02]} Rg1+ {[%emt 0:00:01]} 71. Kh6 {[%emt 0:00:04]} Qg6# {[%emt 0:00:02] Mate Mate} 0-1

[Event "OeISM Blitz U10 B"]
[Site "austriaU10b"]
[Date "2020.12.11"]
[Round "3"]
[White "Widder2010"]
[Black "Martinovicdavid"]
[Result "0-1"]
[WhiteElo "1581"]
[BlackElo "1591"]
[Annotator "NA RC"]
[PlyCount "112"]
[EventDate "2020.12.11"]
[EventType "blitz"]

1. d4 {[%emt 0:00:02]} d5 {[%emt 0:00:05]} 2. c4 {[%emt 0:00:02]} c6 {[%emt 0:00:04]} 3. cxd5 {[%emt 0:00:02]} cxd5 {[%emt 0:00:03]} 4. Nc3 {[%emt 0:00:01]} Nf6 {[%emt 0:00:07]} 5. Nf3 {[%emt 0:00:01]} Nc6 {[%emt 0:00:03]} 6. Bf4 {[%emt 0:00:01]} Bf5 {[%emt 0:00:05]} 7. Nh4 {[%emt 0:00:08]} Bg6 {[%emt 0:00:13]} 8. Nxg6 {[%emt 0:00:03]} hxg6 {[%emt 0:00:04]} 9. e3 {[%emt 0:00:03]} e6 {[%emt 0:00:04]} 10. Bd3 {[%emt 0:00:05]} Bb4 {[%emt 0:00:05]} 11. Qc2 {[%emt 0:00:08]} Nh5 {[%emt 0:00:13]} 12. g3 {[%emt 0:00:09]} Nxf4 {[%emt 0:00:03]} 13. gxf4 {[%emt 0:00:02]} Rh3 {[%emt 0:00:25]} 14. Bxg6 {[%emt 0:00:19]} Qh4 {[%emt 0:00:33]} 15. Bd3 {[%emt 0:00:24]} Rxe3+ {[%emt 0:00:06]} 16. Kd1 {[%emt 0:00:19]} Rh3 {[%emt 0:00:47]} 17. Ke2 {[%emt 0:00:24]} Qg4+ {[%emt 0:00:03]} 18. Kf1 {[%emt 0:00:13]} Qf3 {[%emt 0:00:05]} 19. Rg1 {[%emt 0:00:14]} Qxd3+ {[%emt 0:00:03]} 20. Qxd3 {[%emt 0:00:04]} Rxd3 {[%emt 0:00:02]} 21. Ke2 {[%emt 0:00:04]} Rxd4 {[%emt 0:00:04]} 22. Rad1 {[%emt 0:00:10]} Rxd1 {[%emt 0:00:04]} 23. Rxd1 {[%emt 0:00:02]} Bxc3 {[%emt 0:00:03]} 24. bxc3 {[%emt 0:00:01]} Ke7 {[%emt 0:00:01]} 25. Rb1 {[%emt 0:00:02]} b6 {[%emt 0:00:02]} 26. Rg1 {[%emt 0:00:06]} g6 {[%emt 0:00:03]} 27. Rg2 {[%emt 0:00:02]} Na5 {[%emt 0:00:02]} 28. Rg1 {[%emt 0:00:02]} Nc4 {[%emt 0:00:01]} 29. Kd3 {[%emt 0:00:02]} Rc8 {[%emt 0:00:02]} 30. Rg4 {[%emt 0:00:05]} Kf6 {[%emt 0:00:01]} 31. Rh4 {[%emt 0:00:01]} Kf5 {[%emt 0:00:02]} 32. Rh7 {[%emt 0:00:02]} Rc7 {[%emt 0:00:02]} 33. Kc2 {[%emt 0:00:04]} Kxf4 {[%emt 0:00:01]} 34. Rh4+ {[%emt 0:00:02]} Kf3 {[%emt 0:00:01]} 35. Rh3+ {[%emt 0:00:09]} Kxf2 {[%emt 0:00:02]} 36. Rg3 {[%emt 0:00:06]} Ne3+ {[%emt 0:00:03]} 37. Kd3 {[%emt 0:00:05]} Nc4 {[%emt 0:00:05]} 38. Kc2 {[%emt 0:00:02]} Rc8 {[%emt 0:00:05]} 39. Kd3 {[%emt 0:00:05]} Rh8 {[%emt 0:00:02]} 40. Rg4 {[%emt 0:00:05]} Rxh2 {[%emt 0:00:03]} 41. Rf4+ {[%emt 0:00:08]} Kg3 {[%emt 0:00:02]} 42. Rxf7 {[%emt 0:00:01]} Ne5+ {[%emt 0:00:03]} 43. Kd4 {[%emt 0:00:02]} Nxf7 {[%emt 0:00:00]} 44. c4 {[%emt 0:00:01]} Rxa2 {[%emt 0:00:02]} 45. cxd5 {[%emt 0:00:01]} exd5 {[%emt 0:00:01]} 46. Kxd5 {[%emt 0:00:01]} g5 {[%emt 0:00:01]} 47. Kc4 {[%emt 0:00:01]} g4 {[%emt 0:00:01]} 48. Kd4 {[%emt 0:00:01]} Kf3 {[%emt 0:00:03]} 49. Kd5 {[%emt 0:00:02]} g3 {[%emt 0:00:01]} 50. Ke6 {[%emt 0:00:01]} g2 {[%emt 0:00:00]} 51. Kxf7 {[%emt 0:00:01]} g1=Q {[%emt 0:00:02]} 52. Kf6 {[%emt 0:00:01]} Re2 {[%emt 0:00:01]} 53. Kf5 {[%emt 0:00:01]} Qg4+ {[%emt 0:00:02]} 54. Kf6 {[%emt 0:00:02]} Re6+ {[%emt 0:00:02]} 55. Kf7 {[%emt 0:00:02]} Qg6+ {[%emt 0:00:02]} 56. Kf8 {[%emt 0:00:02]} Re8# {[%emt 0:00:02] Mate Mate} 0-1

[Event "OeISM Blitz U10 B"]
[Site "austriaU10b"]
[Date "2020.12.11"]
[Round "3"]
[White "Mightimix"]
[Black "Daniel195"]
[Result "1-0"]
[WhiteElo "1578"]
[BlackElo "1624"]
[Annotator "NA RC"]
[PlyCount "71"]
[EventDate "2020.12.11"]
[EventType "blitz"]

1. e4 {[%emt 0:00:02]} e5 {[%emt 0:00:05]} 2. Nf3 {[%emt 0:00:02]} Nc6 {[%emt 0:00:03]} 3. Nc3 {[%emt 0:00:03]} Nf6 {[%emt 0:00:02]} 4. Bc4 {[%emt 0:00:06]} Nxe4 {[%emt 0:00:03]} 5. Bxf7+ {[%emt 0:00:06]} Kxf7 {[%emt 0:00:03]} 6. Nxe4 {[%emt 0:00:02]} d5 {[%emt 0:00:05]} 7. Nc3 {[%emt 0:00:06]} Bg4 {[%emt 0:00:05]} 8. h3 {[%emt 0:00:05]} Bh5 {[%emt 0:00:03]} 9. g4 {[%emt 0:00:04]} Bg6 {[%emt 0:00:02]} 10. d3 {[%emt 0:00:02]} Bb4 {[%emt 0:00:17]} 11. Bd2 {[%emt 0:00:04]} Be7 {[%emt 0:00:07]} 12. Qe2 {[%emt 0:00:06]} Re8 {[%emt 0:00:14]} 13. O-O-O {[%emt 0:00:04]} Bf6 {[%emt 0:00:24]} 14. g5 {[%emt 0:00:11]} Be7 {[%emt 0:00:07]} 15. Qf1 {[%emt 0:00:20]} Kg8 {[%emt 0:00:06]} 16. Qg2 {[%emt 0:00:03]} a5 {[%emt 0:00:02]} 17. h4 {[%emt 0:00:03]} Bh5 {[%emt 0:00:10]} 18. Rde1 {[%emt 0:00:03]} d4 {[%emt 0:00:07]} 19. Ne4 {[%emt 0:00:03]} a4 {[%emt 0:00:08]} 20. Ng3 {[%emt 0:00:21]} g6 {[%emt 0:00:30]} 21. Nxe5 {[%emt 0:00:08]} Nxe5 {[%emt 0:00:05]} 22. Rxe5 {[%emt 0:00:03]} Bd6 {[%emt 0:00:12]} 23. Rxe8+ {[%emt 0:00:05]} Qxe8 {[%emt 0:00:03]} 24. Re1 {[%emt 0:00:02]} Qf7 {[%emt 0:00:09]} 25. Kb1 {[%emt 0:00:06]} b5 {[%emt 0:00:07]} 26. Ne4 {[%emt 0:00:11]} Be7 {[%emt 0:00:10]} 27. Nf6+ {[%emt 0:00:05]} Bxf6 {[%emt 0:00:04]} 28. Qxa8+ {[%emt 0:00:02]} Kg7 {[%emt 0:00:08]} 29. gxf6+ {[%emt 0:00:09]} Qxf6 {[%emt 0:00:05]} 30. Bg5 {[%emt 0:00:11]} Qxf2 {[%emt 0:00:09]} 31. Re7+ {[%emt 0:00:02]} Qf7 {[%emt 0:00:02]} 32. Rxf7+ {[%emt 0:00:02]} Kxf7 {[%emt 0:00:00]} 33. Qd8 {[%emt 0:00:05]} Bd1 {[%emt 0:00:00]} 34. Qe7+ {[%emt 0:00:02]} Kg8 {[%emt 0:00:02]} 35. Bf6 {[%emt 0:00:04]} h6 {[%emt 0:00:00]} 36. Qg7# {[%emt 0:00:02] Mate Mate} 1-0

[Event "OeISM Blitz U10 B"]
[Site "austriaU10b"]
[Date "2020.12.11"]
[Round "3"]
[White "Noeldep3f"]
[Black "Felix808"]
[Result "1-0"]
[WhiteElo "1517"]
[BlackElo "1620"]
[Annotator "NA RC"]
[PlyCount "127"]
[EventDate "2020.12.11"]
[EventType "blitz"]

1. e4 {[%emt 0:00:02]} e5 {[%emt 0:00:02]} 2. Nf3 {[%emt 0:00:03]} Nc6 {[%emt 0:00:02]} 3. Bc4 {[%emt 0:00:02]} Bc5 {[%emt 0:00:03]} 4. Nc3 {[%emt 0:00:06]} Nf6 {[%emt 0:00:02]} 5. d3 {[%emt 0:00:02]} d6 {[%emt 0:00:03]} 6. O-O {[%emt 0:00:04]} Bg4 {[%emt 0:00:04]} 7. Bg5 {[%emt 0:00:02]} h6 {[%emt 0:00:05]} 8. Bxf6 {[%emt 0:00:07]} Qxf6 {[%emt 0:00:03]} 9. h3 {[%emt 0:00:01]} Bh5 {[%emt 0:00:05]} 10. Nd5 {[%emt 0:00:02]} Qd8 {[%emt 0:00:05]} 11. Qe2 {[%emt 0:00:09]} Nd4 {[%emt 0:00:03]} 12. Qd1 {[%emt 0:00:06]} c6 {[%emt 0:00:10]} 13. Ne3 {[%emt 0:00:11]} Nxf3+ {[%emt 0:00:05]} 14. gxf3 {[%emt 0:00:02]} Qd7 {[%emt 0:00:03]} 15. Kh2 {[%emt 0:00:04]} O-O {[%emt 0:00:04]} 16. Rg1 {[%emt 0:00:01]} Qe7 {[%emt 0:00:07]} 17. Rg3 {[%emt 0:00:03]} Qf6 {[%emt 0:00:04]} 18. Qe2 {[%emt 0:00:05]} b5 {[%emt 0:00:09]} 19. Bb3 {[%emt 0:00:04]} Rad8 {[%emt 0:00:03]} 20. Rag1 {[%emt 0:00:07]} g6 {[%emt 0:00:03]} 21. a3 {[%emt 0:00:03]} Bxe3 {[%emt 0:00:03]} 22. Qxe3 {[%emt 0:00:02]} d5 {[%emt 0:00:02]} 23. Qxh6 {[%emt 0:00:04]} dxe4 {[%emt 0:00:04]} 24. Qxh5 {[%emt 0:00:03]} exf3 {[%emt 0:00:15]} 25. Qxf3 {[%emt 0:00:06]} Qxf3 {[%emt 0:00:03]} 26. Rxf3 {[%emt 0:00:01]} Kg7 {[%emt 0:00:04]} 27. Rfg3 {[%emt 0:00:03]} Rh8 {[%emt 0:00:02]} 28. Rf3 {[%emt 0:00:02]} f6 {[%emt 0:00:04]} 29. Rfg3 {[%emt 0:00:03]} g5 {[%emt 0:00:01]} 30. c4 {[%emt 0:00:13]} Rd4 {[%emt 0:00:02]} 31. cxb5 {[%emt 0:00:04]} cxb5 {[%emt 0:00:02]} 32. Kg2 {[%emt 0:00:14]} Rdh4 {[%emt 0:00:07]} 33. Rh1 {[%emt 0:00:10]} Kg6 {[%emt 0:00:09]} 34. Bc2 {[%emt 0:00:12]} f5 {[%emt 0:00:03]} 35. Kg1 {[%emt 0:00:14]} g4 {[%emt 0:00:04]} 36. d4 {[%emt 0:00:13]} exd4 {[%emt 0:00:08]} 37. Rxg4+ {[%emt 0:00:03]} Rxg4+ {[%emt 0:00:07]} 38. hxg4 {[%emt 0:00:02]} Rxh1+ {[%emt 0:00:02]} 39. Kxh1 {[%emt 0:00:01]} Kg5 {[%emt 0:00:01]} 40. gxf5 {[%emt 0:00:02]} Kf6 {[%emt 0:00:02]} 41. Kg2 {[%emt 0:00:01]} Kf7 {[%emt 0:00:20]} 42. Kf3 {[%emt 0:00:02]} Kf8 {[%emt 0:00:02]} 43. Ke4 {[%emt 0:00:01]} d3 {[%emt 0:00:03]} 44. Bxd3 {[%emt 0:00:02]} a5 {[%emt 0:00:01]} 45. Bxb5 {[%emt 0:00:02]} a4 {[%emt 0:00:00]} 46. Bxa4 {[%emt 0:00:01]} Kf7 {[%emt 0:00:02]} 47. Ke5 {[%emt 0:00:03]} Ke7 {[%emt 0:00:05]} 48. f6+ {[%emt 0:00:01]} Kf7 {[%emt 0:00:01]} 49. Kf5 {[%emt 0:00:05]} Kf8 {[%emt 0:00:02]} 50. Ke6 {[%emt 0:00:02]} Kg8 {[%emt 0:00:08]} 51. Ke7 {[%emt 0:00:02]} Kh7 {[%emt 0:00:02]} 52. Bb3 {[%emt 0:00:03]} Kh8 {[%emt 0:00:06]} 53. f7 {[%emt 0:00:05]} Kh7 {[%emt 0:00:01]} 54. Bc2+ {[%emt 0:00:01]} Kh6 {[%emt 0:00:04]} 55. Bg6 {[%emt 0:00:05]} Kg5 {[%emt 0:00:03]} 56. f8=Q {[%emt 0:00:04]} Kg4 {[%emt 0:00:05]} 57. Qf5+ {[%emt 0:00:01]} Kh4 {[%emt 0:00:02]} 58. f4 {[%emt 0:00:09]} Kg3 {[%emt 0:00:04]} 59. Bh5 {[%emt 0:00:03]} Kh2 {[%emt 0:00:03]} 60. Qg4 {[%emt 0:00:03]} Kh1 {[%emt 0:00:05]} 61. Bg6 {[%emt 0:00:03]} Kh2 {[%emt 0:00:02]} 62. Ke6 {[%emt 0:00:02]} Kh1 {[%emt 0:00:02]} 63. Be4+ {[%emt 0:00:01]} Kh2 {[%emt 0:00:02]} 64. Qg2# {[%emt 0:00:01] Mate Mate} 1-0